000 00627nam a2200241 a 4500
001 nice12345678
003 IN_TiNIC
005 20260116013738.0
008 050524s1990 dela grp 000 0 eng
020 _a8170071
_c35
082 0 0 _a306.362
_bCHA
100 _aChanana, Dev Raj
245 _aSlavery in Ancient India as Depicted in Pali and Sanskrit Texts
260 _aDelhi
_bPeoples Pub. House
_c1990
300 _a208p
500 _aincludes index and biblioraphy
505 2 _aIndex
650 _aSlavery-Hinduism
700 1 _aChanana, Dev Raj
902 _bSRS
942 _cBK
999 _c12269
_d12269